Исследование статистических методов выявления выдуманных результатов выборов. Ч. 2: Сгустки явки и результатов (Запись № 11502871)

Подробности
000 -МАРКЕР
контрольное поле 01307nam2a2200265 4500
001 - ИДЕНТИФИКАТОР ЗАПИСИ
контрольное поле RU\NLR\BIBL_A\012337497
005 - ИДЕНТИФИКАТОР ВЕРСИИ
контрольное поле 20200922113058.0
021 ## - НОМЕР ГОСУДАРСТВЕННОЙ РЕГИСТРАЦИИ
Код страны Российская Федерация
Номер КН-П-20-028297
Номер Листа государственной регистраци КН-П-20-2185
035 ## - ДРУГИЕ СИСТЕМНЫЕ НОМЕРА
Идентификатор записи (NLR Aleph) 012337497
035 ## - ДРУГИЕ СИСТЕМНЫЕ НОМЕРА
Идентификатор записи (RuMoRGB)010338782
100 ## - ДАННЫЕ ОБЩЕЙ ОБРАБОТКИ
Данные общей обработки 20200915d2020 k y0rusy50 ca
101 0# - ЯЗЫК РЕСУРСА
Язык текста, звукозаписи и т.д. русский
Язык резюме английский
102 ## - СТРАНА ПУБЛИКАЦИИ ИЛИ ПРОИЗВОДСТВА
Страна публикации Российская Федерация
105 ## - ПОЛЕ КОДИРОВАННЫХ ДАННЫХ: ТЕКСТОВЫЕ МАТЕРИАЛЫ, МОНОГРАФИЧЕСКИЕ
Кодированные данные о монографическом текстовом документе a|||z|||000zy
200 1# - ЗАГЛАВИЕ И СВЕДЕНИЯ ОБ ОТВЕТСТВЕННОСТИ
Основное заглавие Сгустки явки и результатов
210 ## - ПУБЛИКАЦИЯ, РАСПРОСТРАНЕНИЕ И ДР.
Дата издания, распространения и т.д. 2020
215 ## - ФИЗИЧЕСКАЯ ХАРАКТЕРИСТИКА
Специфическое обозначение материала и объем 24 с.
Другие сведения о физической характеристике ил., цв. ил.
225 1# - СЕРИЯ
Основное заглавие серии ...
Обозначение тома № 20 за 2020 г.
461 #0 - УРОВЕНЬ НАБОРА
Встроенное поле 001RU\NLR\BIBL_A\012308031
-- 2001#$aИсследование статистических методов выявления выдуманных результатов выборов$fА.В. Подлазов$vЧ. 2
-- 700#1$aПодлазов$bА.В.$f1973-$gАндрей Викторович$3RU\NLR\AUTH\7724037
Системный номер (АБИС) связанной записи 11356111
Автор Подлазов, А.В. (1973-)
Место публикации Москва
Дата публикации 2019
Первые сведения об ответственности А.В. Подлазов
Имя издателя, распространителя и т.д. ИПМ им. М.В. Келдыша РАН
Заглавие Исследование статистических методов выявления выдуманных результатов выборов
Номер тома Ч. 2
942 ## - ДОПОЛНИТЕЛЬНЫЕ ЭЛЕМЕНТЫ ЗАПИСИ (АБИС)
Тип экземпляра АБИС Книга
980 ## - КОЛЛЕКЦИЯ
Название коллекции НБР
980 ## - КОЛЛЕКЦИЯ
Название коллекции Национальная библиография

Нет доступных экземпляров.